| Tag |
First Indicator |
Second Indicator |
Subfields |
| LEADER |
00000cam a2200000Ki 4500 |
| 001 |
in00003482575 |
| 006 |
m o d |
| 007 |
cr cnu---unuuu |
| 008 |
140422s2014 nyua ob 001 0 eng d |
| 005 |
20250816213326.4 |
| 020 |
|
|
|a 9781315849393 (electronic bk.)
|
| 020 |
|
|
|a 1317909739 (electronic bk.)
|
| 020 |
|
|
|a 9781317909743
|
| 020 |
|
|
|z 9781848722262
|
| 020 |
|
|
|z 1848722265
|
| 020 |
|
|
|z 9781315849393
|
| 020 |
|
|
|z 1315849399
|
| 035 |
|
|
|a (OCoLC)ocn877868407
|
| 035 |
|
|
|a (OCoLC)877868407
|
| 040 |
|
|
|a N$T
|b eng
|e rda
|e pn
|c N$T
|d YDXCP
|d TXA
|d UtOrBLW
|
| 049 |
|
|
|a TXAM
|
| 050 |
|
4 |
|a BF637.H4
|b M875 2014eb
|
| 072 |
|
7 |
|a PSY
|x 003000
|2 bisacsh
|
| 072 |
|
7 |
|a SEL
|x 031000
|2 bisacsh
|
| 072 |
|
7 |
|a SEL
|x 016000
|2 bisacsh
|
| 072 |
|
7 |
|a SEL
|x 027000
|2 bisacsh
|
| 082 |
0 |
4 |
|a 158.3
|2 23
|
| 100 |
1 |
|
|a Music, Graham,
|d 1957-
|
| 245 |
1 |
4 |
|a The good life :
|b wellbeing and the new science of altruism, selfishness and immorality /
|c Graham Music.
|
| 264 |
|
1 |
|a New York :
|b Routledge,
|c 2014.
|
| 300 |
|
|
|a 1 online resource (xii, 243 pages) :
|b illustrations
|
| 336 |
|
|
|a text
|b txt
|2 rdacontent
|
| 337 |
|
|
|a computer
|b c
|2 rdamedia
|
| 338 |
|
|
|a online resource
|b cr
|2 rdacarrier
|
| 504 |
|
|
|a Includes bibliographical references and index.
|
| 588 |
|
|
|a Description based on print version record.
|
| 650 |
|
0 |
|a Altruism.
|
| 650 |
|
0 |
|a Helping behavior.
|
| 650 |
|
0 |
|a Cooperativeness.
|
| 650 |
|
7 |
|a PSYCHOLOGY / Applied Psychology.
|2 bisacsh
|
| 650 |
|
7 |
|a SELF-HELP / Personal Growth / General.
|2 bisacsh
|
| 650 |
|
7 |
|a SELF-HELP / Personal Growth / Happiness.
|2 bisacsh
|
| 650 |
|
7 |
|a SELF-HELP / Personal Growth / Success.
|2 bisacsh
|
| 655 |
|
7 |
|a Electronic books.
|2 local
|
| 710 |
2 |
|
|a Ebook Library.
|
| 776 |
0 |
8 |
|i Print version:
|a Music, Graham, 1957-
|t Good life
|z 9781848722262
|w (DLC) 2013040014
|w (OCoLC)852218852
|
| 856 |
4 |
0 |
|u https://ebookcentral.proquest.com/lib/tamucs/detail.action?docID=1675968
|y Connect to the full text of this electronic book
|t 0
|
| 948 |
|
|
|a cataloged
|b h
|c 2014/8/29
|d c
|e cproctor
|f 2:16:16 PM
|
| 994 |
|
|
|a C0
|b TXA
|
| 999 |
f |
f |
|s 6b50a4f6-743d-3b6e-9896-672f5d8cb744
|i 71268949-6d99-3728-9daf-70098322de0b
|t 0
|
| 999 |
|
|
|a MARS
|
| 952 |
f |
f |
|a Texas A&M University
|b College Station
|c Electronic Resources
|d Available Online
|t 0
|e BF637.H4 M875 2014eb
|h Library of Congress classification
|
| 998 |
f |
f |
|a BF637.H4 M875 2014eb
|t 0
|l Available Online
|